| 000 | 00441nmm a2200157Ia 4500 | ||
|---|---|---|---|
| 008 | 251105s9999||||xx |||||||||||||||||und|| | ||
| 020 | _a9788415119401 | ||
| 041 | _aspa | ||
| 100 | _aMediavilla Pérez, María Jesús | ||
| 245 | 0 | _aLos átomos del universo | |
| 264 |
_a[Madrid, España] : _bEquipo Sirius, _c2011 |
||
| 300 | _a0 páginas | ||
| 650 | _aSciences | ||
| 856 | _uhttps://public.digitaliapublishing.com/a/70051 | ||
| 942 | _cCF | ||
| 999 |
_c76499 _d76499 |
||